Projektirovanije železnodorožnych uzlov /

Na minha lista:
Detalhes bibliográficos
Autor principal: Bolotnyj, Vladimir Ja (Author)
Formato: Livro
Idioma:russo
Publicado em: Moskva : Transport, 1989
Assuntos:
Tags: Adicionar Tag
Sem tags, seja o primeiro a adicionar uma tag!

MARC

LEADER 00000nam a22000003a 4500
001 stu34857
005 20150617225730.4
008 920327s1989----xxr-----------------rus-d
040 |a STU  |b slo 
041 0 |a rus 
044 |a xxr 
080 |a 656.21.001.63 
100 1 |a Bolotnyj, Vladimir Ja  |4 aut 
245 1 |a Projektirovanije železnodorožnych uzlov /  |c [aut.]Vladimir Ja. Bolotnyj 
260 |a Moskva :  |b Transport,  |c 1989 
300 |a 150 s 
650 7 |a doprava železničná  |2 stusub 
650 7 |a uzly  |2 stusub 
650 7 |a projektovanie  |2 stusub 
996 |b 284M062566  |c M*7602-1  |l MMKN  |s A  |a 24  |w stu34857_0001